Chillida : Pittsburgh international series, Museum of Art, Carnegie Institute, October 26, 1979-January 6, 1980.

Saved in:
Bibliographic Details
Main Author: Chillida, Eduardo, 1924-
Corporate Author: Carnegie Institute. Museum of Art
Format: Book
Language:English
Published: [Paris : Maeght, c1979]
Subjects:
LEADER 00983nam a2200253 a 4500
001 c000302515
003 CARM
005 20061111041118.0
008 800605s1979 fr a c 000 0 eng
015 |a F*** 
019 1 |a 1748371  |5 LACONCORD2021 
020 |a 2855870623 (pbk.) 
035 |a (OCoLC)6489792  |5 LACONCORD2021 
050 0 0 |a NB813.C45  |b A4 1979 
082 0 0 |a 730 
100 1 |a Chillida, Eduardo,  |d 1924- 
245 0 0 |a Chillida :  |b Pittsburgh international series, Museum of Art, Carnegie Institute, October 26, 1979-January 6, 1980. 
260 |a [Paris :  |b Maeght,  |c c1979] 
300 |a 197 p. :  |b chiefly ill. (some col.) ;  |c 31 cm. 
600 1 0 |a Chillida, Eduardo,  |d 1924-  |x Exhibitions. 
710 2 |a Carnegie Institute.  |b Museum of Art. 
852 8 |b CARM  |h A3:AK36D0  |i E02134  |p 0547023  |f BK 
999 f f |i a1e1a64d-9da1-561b-8997-fc72dba12fb0  |s ad592a58-f757-5eeb-af44-18ffd55e3338 
952 f f |p Can circulate  |a CAVAL  |b CAVAL  |c CAVAL  |d CARM 1 Store  |e E02134  |f A3:AK36D0  |h Other scheme  |i book  |m 0547023